| 000 | 00503nam a2200169 i 4500 | ||
|---|---|---|---|
| 001 | 9986 | ||
| 003 | ES-MaACL | ||
| 005 | 20260424183902.0 | ||
| 008 | 940719s1968 xxk ||||1| eng d | ||
| 080 | _a82-312.5"19" | ||
| 100 | 1 |
_aDurrell, Lawrence, _d1912-1990 _946321 |
|
| 245 | 1 | 4 |
_aThe Alexandria quartet _b: Justine, Balthazar, Mountolive, Clea / _cLawrence Durrell. |
| 260 |
_aLondon : _bFaber and Faber, _c1968. |
||
| 300 |
_a884 p. ; _c20 cm. |
||
| 852 | 4 |
_aES-MaACL _jL-17505 |
|
| 999 |
_c9986 _d9986 |
||